GIPS UND ANHYDRIT AUS DEN SALZFÜHRENDEN FORMATIONEN DES MIOZÄNS DER OSTSLOWAKEI

Bibliographic Details
Main Author: Slávik, Ján (Author)
Format: Article
Language:German

MARC

LEADER 00000nab a2200000ua 4500
001 vtls010843069
003 SK-MaSNL
005 20260303135905.0
008 230218s1967 xo |||||||||||||||||ger|
035 |a (urnnbn)urn:nbn:sk:snk:ar-a0705e 
035 |a urn:nbn:sk:snk-ab658q 
035 |a (uuid)2cf16bfe-403d-43c0-974b-04b7048fc1ad 
040 |a SNKBUCL  |b slo  |c SNKBUCL  |e AACR2 
041 0 |a ger 
044 |a xo  |c SK 
100 1 |a Slávik, Ján  |4 aut  |9 363845 
245 1 0 |a GIPS UND ANHYDRIT AUS DEN SALZFÜHRENDEN FORMATIONEN DES MIOZÄNS DER OSTSLOWAKEI  |c Ján Slávik 
773 0 |t Geologický sborník  |g Roč. 18, č. 1 (1967), s. 65-77 
958 |a OND 
958 |a EUIPO 
958 |a article5 
999 |c 1968639  |d 1970569